[Event "Voronezh op-B 19th"]
[Site "Voronezh"]
[Date "2015.06.19"]
[Round "7"]
[White "Sitnikov, Sergey V"]
[Black "Slugin, Yaroslav"]
[Result "0-1"]
[WhiteElo "1995"]
[BlackElo "1764"]
[PlyCount "98"]
[EventDate "2015.06.12"]
[EventType "swiss"]
[EventRounds "9"]
[EventCountry "RUS"]
[SourceTitle "CBM 167 Extra"]
[Source "ChessBase"]
[SourceDate "2015.09.14"]
[SourceVersion "1"]
[SourceVersionDate "2015.09.14"]
[SourceQuality "1"]

1. d4 b5 2. e3 a6 3. c4 Bb7 4. Nf3 bxc4 5. Bxc4 e6 6. 0-0 Nf6 7. Nc3 d5 8. Bd3 c5 9. Re1 Nc6 10. a3 cxd4 11. exd4 Be7 12. Ne5 0-0 13. Be3 Rc8 14. Qe2 Qb6 15. Rad1 Rfd8 16. f4 g6 17. Kh1 a5 18. Bf2 Qb3 19. Nb5 Ba6 20. Rc1 Bxb5 21. Bxb5 Nxe5 22. dxe5 Ne4 23. Bb6 Rf8 24. a4 Bc5 25. Bxc5 Rxc5 26. Rxc5 Nxc5 27. Ra1 Qb4 28. g3 Nb3 29. Rd1 Rc8 30. Qd3 Nc5 31. Qc2 Qe4+ 32. Qxe4 Nxe4 33. Rb1 Nd2 34. Ra1 Rc2 35. Be2 Rxb2 36. h3 Ne4 37. Bb5 Nxg3+ 38. Kg1 Ne4 39. Rc1 Rf2 40. Rc8+ Kg7 41. Ra8 Rxf4 42. Rxa5 Nc3 43. Bd7 Rc4 44. Ra7 Kh6 45. a5 d4 46. Be8 d3 47. Rd7 Nd5 48. Kf2 d2 49. Ke2 Rd4 0-1

[Event "Voronezh op-B 19th"]
[Site "Voronezh"]
[Date "2015.06.14"]
[Round "3"]
[White "Sitnikov, Sergey V"]
[Black "Rolgeizer, Martin"]
[Result "1-0"]
[WhiteElo "1995"]
[BlackElo "1636"]
[PlyCount "113"]
[EventDate "2015.06.12"]
[EventType "swiss"]
[EventRounds "9"]
[EventCountry "RUS"]
[SourceTitle "CBM 167 Extra"]
[Source "ChessBase"]
[SourceDate "2015.09.14"]
[SourceVersion "1"]
[SourceVersionDate "2015.09.14"]
[SourceQuality "1"]

1. d4 d6 2. Nf3 Nd7 3. c4 e5 4. e4 Ngf6 5. Nc3 Be7 6. Be2 0-0 7. 0-0 Re8 8. h3 h6 9. Be3 Bf8 10. Qc2 c6 11. Rad1 Qc7 12. dxe5 dxe5 13. Nh4 a5 14. Nf5 Bc5 15. Qd2 Bxe3 16. Qxe3 b6 17. Qg3 g6 18. Nxh6+ Kf8 19. Rd3 Nc5 20. Rf3 Re6 21. Qh4 Kg7 22. Rg3 Kf8 23. f4 Nfxe4 24. fxe5 Nxg3 25. Rxf7+ Qxf7 26. Nxf7 Nxe2+ 27. Nxe2 Kxf7 28. Qh7+ Ke8 29. Nd4 g5 30. Qc7 Kf8 31. Nxe6+ Bxe6 32. Qxb6 Nd7 33. Qxc6 Re8 34. Qd6+ Kf7 35. c5 Nf8 36. Qc7+ Kg8 37. Qxa5 Ng6 38. c6 Ne7 39. Qc5 Bxa2 40. b4 Bd5 41. c7 Kf7 42. b5 Rc8 43. b6 Bb7 44. Qd6 Re8 45. Qf6+ Kg8 46. Qxg5+ Kf8 47. Qf6+ Kg8 48. e6 Bc6 49. Qxe7 Rxe7 50. c8Q+ Be8 51. b7 Kh7 52. b8Q Kh6 53. Qf4+ Kh7 54. Qh4+ Kg6 55. Qc2+ Kg7 56. Qch7+ Kf8 57. Q4xe7# 1-0

[Event "Voronezh op-B 18th"]
[Site "Voronezh"]
[Date "2014.06.13"]
[Round "2"]
[White "Sitnikov, Sergey V"]
[Black "Kuznetsov, Evgeny"]
[Result "0-1"]
[WhiteElo "2003"]
[BlackElo "2193"]
[PlyCount "42"]
[EventDate "2014.06.12"]
[EventType "swiss"]
[EventRounds "9"]
[EventCountry "RUS"]
[SourceTitle "EXT 2015"]
[Source "ChessBase"]
[SourceDate "2014.11.20"]
[SourceVersion "1"]
[SourceVersionDate "2014.11.20"]
[SourceQuality "1"]

1. c4 Nf6 2. Nc3 e5 3. g3 Nc6 4. Bg2 Bc5 5. e3 d5 6. cxd5 Nb4 7. d4 exd4 8. exd4 Be7 9. Qa4+ Bd7 10. Qb3 Bf5 11. d6 Bxd6 12. Kd2 0-0 13. Nge2 c5 14. a3 Nc2 15. Ra2 Nxd4 16. Nxd4 cxd4 17. Nd5 Nxd5 18. Bxd5 Qa5+ 19. Kd1 Rac8 20. Qxb7 Rc7 21. b4 Qa4+ 0-1

[Event "Tula Region-ch"]
[Site "Tula"]
[Date "2014.03.11"]
[Round "1"]
[White "Loskutov, Sviatoslav"]
[Black "Sitnikov, Sergey V"]
[Result "1-0"]
[WhiteElo "2287"]
[BlackElo "2004"]
[PlyCount "117"]
[EventDate "2014.03.11"]
[EventType "swiss"]
[EventRounds "9"]
[EventCountry "RUS"]
[SourceTitle "CBM 159 Extra"]
[Source "ChessBase"]
[SourceDate "2014.04.24"]
[SourceVersion "1"]
[SourceVersionDate "2014.04.24"]
[SourceQuality "1"]

1. e4 c5 2. Nf3 d6 3. d4 cxd4 4. Nxd4 Nf6 5. Nc3 a6 6. Bc4 e5 7. Nf3 Be7 8. h3 0-0 9. Bg5 Nbd7 10. a4 h6 11. Be3 Nb6 12. Bb3 Be6 13. Nd5 Nbxd5 14. exd5 Nxd5 15. Bd2 Nf6 16. Bxe6 fxe6 17. 0-0 Nd5 18. c4 Nf4 19. Qb3 Qc7 20. Rfe1 Rf6 21. Bxf4 exf4 22. Rac1 Kh8 23. Nd2 Rg6 24. Qd3 Rf6 25. Ne4 Rf5 26. Nd2 Re5 27. b4 Qb6 28. Qb3 Bh4 29. Rf1 Re2 30. c5 dxc5 31. Qd1 Rxd2 32. Qxd2 Rd8 33. bxc5 Qc6 34. Qb4 Bg5 35. Rcd1 f3 36. Rxd8+ Bxd8 37. gxf3 Qxf3 38. Qg4 Qc6 39. Re1 Qxc5 40. Rxe6 Qc1+ 41. Kg2 Qg5 42. Qxg5 Bxg5 43. Rb6 a5 44. Rxb7 Bd2 45. Kf3 Kh7 46. Ke4 Kg6 47. f4 Kf6 48. f5 g5 49. Rb6+ Kg7 50. Rg6+ Kh7 51. Rd6 Bc3 52. Rd7+ Kg8 53. Rc7 Bb4 54. f6 Kf8 55. Kf5 Ke8 56. Ke6 Kd8 57. Rd7+ Kc8 58. f7 h5 59. Re7 1-0

[Event "Voronezh op-B 15th"]
[Site "Voronezh"]
[Date "2011.06.15"]
[Round "4"]
[White "Sitnikov, Sergey V"]
[Black "Fadin, Evgeny"]
[Result "0-1"]
[WhiteElo "1974"]
[BlackElo "2161"]
[PlyCount "74"]
[EventDate "2011.06.12"]
[EventType "swiss"]
[EventRounds "9"]
[EventCountry "RUS"]
[SourceTitle "CBM 143 Extra"]
[Source "ChessBase"]
[SourceDate "2011.08.29"]
[SourceVersion "1"]
[SourceVersionDate "2011.08.29"]
[SourceQuality "1"]

1. c4 Nf6 2. g3 g6 3. Bg2 Bg7 4. Nc3 d6 5. e4 0-0 6. Nge2 e5 7. d3 c6 8. 0-0 a5 9. h3 Nh5 10. Kh2 f5 11. exf5 gxf5 12. f4 Qe8 13. Bf3 Kh8 14. Ng1 Nf6 15. g4 fxg4 16. hxg4 exf4 17. g5 Nfd7 18. Bh5 Qe5 19. Nf3 Qf5 20. Qe1 Ne5 21. Qh4 Nxd3 22. Rg1 Ne5 23. Bd2 Qd3 24. Rae1 Bf5 25. g6 Nxg6 26. Bxg6 Bxg6 27. Re6 Kg8 28. Qg4 Na6 29. Ne4 Rf7 30. Rxg6 hxg6 31. Qxg6 Kf8 32. Nfg5 Qxc4 33. Ne6+ Ke7 34. Nxg7 Rh8+ 35. Nh5 Qe2+ 36. Rg2 Qxh5+ 37. Qxh5 Rxh5+ 0-1